PRACTICAL PHARMACEUTICS (PHYSICAL PHARMACY) (Record no. 266575)

MARC details
000 -LEADER
fixed length control field 00363pam a2200145a 44500
008 - FIXED-LENGTH DATA ELEMENTS--GENERAL INFORMATION
fixed length control field 230405s xxu||||| |||| 00| 0 eng d
041 ## - LANGUAGE CODE
Language code of text/sound track or separate title ENG
100 ## - MAIN ENTRY--PERSONAL NAME
Personal name HAJARE ASHOK
245 ## - TITLE STATEMENT
Title PRACTICAL PHARMACEUTICS (PHYSICAL PHARMACY)
250 ## - EDITION STATEMENT
Edition statement 1 2004
260 ## - PUBLICATION, DISTRIBUTION, ETC.
Place of publication, distribution, etc. KOLHAPUR
Name of publisher, distributor, etc. MANAS PRAKASHAN KOLHAPUR
Date of publication, distribution, etc.
300 ## - PHYSICAL DESCRIPTION
Extent 229
650 ## - SUBJECT ADDED ENTRY--TOPICAL TERM
Topical term or geographic name entry element PHARMACEUTICS
906 ## - LOCAL DATA ELEMENT F, LDF (RLIN)
a 1136
Holdings
Withdrawn status Lost status Damaged status Not for loan Collection Home library Current library Date acquired Source of acquisition Cost, normal purchase price Total Checkouts Full call number Barcode Date last seen Price effective from Koha item type Date due Date last checked out
          College of Pharmacy, Kolhapur College of Pharmacy, Kolhapur 01/07/2005 MANAS PRAKASHAN 90.00   615.19028 PCK-2346 14/04/2023 14/04/2023 Book    
          College of Pharmacy, Kolhapur College of Pharmacy, Kolhapur 01/07/2005 MANAS PRAKASHAN 90.00 1 615.19028 PCK-2344 28/08/2024 14/04/2023 Book 28/08/2024 28/08/2024
          College of Pharmacy, Kolhapur College of Pharmacy, Kolhapur 01/07/2004 MANAS PRAKASHAN 90.00   615.19028 PCK-2342 14/04/2023 14/04/2023 Book